Normal view
MARC view
Entry Personal Name
001 - CONTROL NUMBER
- control field: 20791
003 - CONTROL NUMBER IDENTIFIER
- control field: ARRUPE
005 - DATE AND TIME OF LATEST TRANSACTION
- control field: 20151029163108.0
008 - FIXED-LENGTH DATA ELEMENTS
- fixed length control field: 151029|| aca||aabn | a|a d
040 ## - CATALOGING SOURCE
- Original cataloging agency: ARRUPE
- Transcribing agency: ARRUPE
100 ## - HEADING--PERSONAL NAME
- Personal name: Sagnella, Mary Ann
670 ## - SOURCE DATA FOUND
- Source citation: Work cat.: (ARRUPE): Sagnella, Mary Ann, The sensual and the sublime in Angela Da Foligno's Liber , 1994